QCM sur la LDC #1 - Statistiques

Statistiques générales
  • Ce quiz a été pris 146 fois
    135 depuis la dernière actualisation
  • Le résultat moyen est 6 sur 11
Statistiques - réponses
Question Réponse % Correct
Qui est le meilleur buteur algérien en LDC ? Riyad Mahrez
83%
Quel est la première équipe a avoir gagné la LDC ? Real Madrid
82%
Quel coach a joué le plus de finale ? Carlo Ancelotti
74%
Quel joueur a mis le plus de triplés ? Cristiano Ronaldo
72%
Qui est le dernier club hors TOP 5 a avoir gagné la LDC ? FC Porto
69%
Quel est le dernier club de Serie A a avoir gagné la LDC ? Inter Milan
64%
Quel asiatique est le plus capé en LDC ? Park Ji-Sung
60%
Qui a gagné la LDC en 1986 Steaua Bucarest
34%
Quel joueur a joué le plus de matchs en LDC ? Iker Casillas
22%
Dans quel stade il y a t il eu le plus de finale jouées ? Santiago Bernabeu (Madrid)
13%
Quel est le plus jeune buteur de LDC ? Patrick Kluivert
8%
Aucun quiz correspondant
Distribution des résultats
% des personnes avec chaque résultat
Percentile par nombre de réponses
Votre historique - résultats
Vous n’avez pas pris ce quiz depuis la dernière actualisation